00318 a2200109 4500001001000000005001700010008004100027245003800068100001800106773006700124999001700191ART_1206920260410161903.0260409a 10aThe lag structure of option price1 akassouf, S.T.0 tJournal of econometricsg- Vol. 4, NÂș 4 (nov. 1976)wREV11720 c26064d26064